000 00351nam a2200157Ia 4500
003 OSt
005 20240214125941.0
008 170524s9999 xx 000 0 und d
020 _a978-1260565553
040 _cIIMT UNIVERSITY
100 _aBREALEY
100 _c2010
245 0 _aPRINCIPLES OF CORPORATE FINANCE
260 _aTMH
942 _2ddc
_c01
999 _c2888
_d2888